00576nam a22001577a 4500020001600000082001000016100001800026245007100044260003700115300003200152650004400184700003500228942001300263999001900276952012300295 qHard Cover. a621.3 aButt, Maryam  aNoise Removal from ECG Signal using SSRLS Algorithm /cMaryam Butt aIslamabad :bCEME - NUST,c2013. axii, 100 p. : ill. ;c30cm. aElectrical Engineering-MS-Thesis916073 aDr. Syed M. Tahir Zaidi929746 2ddccTHE c540649d540649 00102ddc406621_300000000000000709500405aCLbCLcTHEd2020-11-02l0o621.3pCL-T-550r2020-11-02w2020-11-02yTHE